01286nam a2200181Ia 4500008004100000020003800041050002100079100002600100245022500126250000700351260003200358300005600390500027400446650011600720700014600836952010500982999001701087120626s9999 xx 000 0 und d a970-686-834-8 \ 978-970-686-834-3 aQA76.15 J86 2008 aJAMRICH PARSONS, June aConceptos de computación : nuevas perspectivas / June Jamrich Parsons y Dan Oja ; traducción: Miguel Ángel Martínez Sarmiento ; edición: Felipe de J. Castro Pérez ; revisión técnica: Saúl de la O Torres a10 aMéxico : Cengage Learning axviii, 764 p. : il., diagrs., fot., tablas ; 27 cm. aContiene: resumen de contenido, respuestas de las secciones de revisión rápida, glosario e índice analítico \ Cada capítulo incluye: resumen, preguntas, consejos de estudio, mapa conceptual y proyectos \ Traducido de la décima edición: New perspectives on aCOMPUTACIÓN - REDES \ INTERNET \ MEDIOS DIGITALES \ SISTEMAS DE INFORMACIÓN \ COMPUTADORAS - PROGRAMACIÓN aOJA, Dan (coaut.) \ MARTÍNEZ SARMIENTO, Miguel Ángel (tr.) \ CASTRO PÉREZ, Felipe de J. (ed.) \ TORRES, Saúl de la O (rev. téc.)Ì 00102ddc4070a22b22d2010-11-29l0oQA76.15 J86 2008p17 001084r2023-08-01t1w2012-06-26yLBf c73666d73666